1915 olaylarının ardındaki gerçekler ve bugüne yansımaları (Record no. 2349)

MARC details
000 -BAŞLIK
Sabit Uzunlukta Kontrol Alanı 00754na a2200217 4500
001 - KONTROL NUMARASI
Denetim Alanı 14573
003 - KONTROL NUMARASI IDENTIFIER
Denetim Alanı MIRAKIL
005 - SON İŞLEM TARİHİ VE ZAMANI
Denetim Alanı 20181213154854.0
008 - SABİT-BOY VERİ ELEMANLARI - GENEL BİLGİLER
Sabit Uzunlukta Kontrol Alanı 160829b tu 000 0
035 ## - SİSTEM KONTROL NUMARASI
Sistem Kontrol Numarası 14573
040 ## - KATALOGLAMA KAYNAK
Orijinal Kataloglama Ajansı Milas
Kataloglama Dili tur
Metne Dönüştürmek Ajansı TR-AnCHP
082 ## - DEWEY ONLU SINIFLANDIRMA NUMARASI
Sınıflandırma Numarası 956.101543
Ürün Numarası B55b 2007
090 ## - SINIFLAMA NUMARASI
Sınıflama Numarası 956.101543 B55b 2007
111 ## - ANA GİRİŞ - TOPLANTI ADI
Giriş Elemanı Olarak Toplantı Adı Veya Yargı Alanı Adı 1915 Olaylarının Ardındaki Gerçekler ve Bugüne Yansımaları
Toplantının Yeri Ankara
Toplantı Veya Antlaşma İmzalandığı Tarihi 2007
245 ## - BAŞLIK TABLOSU
Başlık 1915 olaylarının ardındaki gerçekler ve bugüne yansımaları
Sorumluluk Tablosu, Vb Yayına Hazırlayan Ahmet Zeki Bulunç
260 ## - YAYIN, DAĞITIM, VB
Yayın, Dağıtım, Vb Yeri [Ankara]
Yayıncı, Dağıtıcı, Vs Adı Başkent Üniversitesi Stratejik Araştırmalar Merkezi
Yayın, Dağıtım, Vb Tarihi 2007
300 ## - FİZİKSEL TANIM
Kapsam 57 s.
Diğer Fiziksel Ayrıntıları hrt.
Boyutlar 24 sm.
650 ## - KONU KATMA GİRİŞ - TOPİKAL DÖNEM
Topikal Süreli Veya Coğrafi Ad Giriş Elemanı Ermeni Sorunu
Genel Alt Bölümü Toplantılar
700 ## - KATMA GİRİŞ - KİŞİSEL İSİM
Kişisel Ad Bulunç, Ahmet Zeki
942 ## - EKLENDİ GİRİŞ ELEMANLARI (KOHA)
Sınıflandırma Veya Raf Düzeni Kaynak Dewey Decimal Classification
Koha Öğesi Türü Books
999 ## - SİSTEM KONTROL NUMARALARI (KOHA)
Koha Biblionumber 2349
Koha Biblioitemnumber 2349
Holdings
Kalıcı Konum Mevcut Konum Edinme Tarihi Edinim Kaynak Toplam Check-Out'Lar Tam Çağrı Numarası Barkod Tarih Son Görülme İtibaren Geçerli Fiyatlar Koha Öğesi Türü
CHP Kütüphanesi CHP Kütüphanesi 08/29/2016 Bağış   956.101543 B55b 2007 001434 08/29/2016 08/29/2016 Books